Normal view
MARC view
- اسماعيل الفاروقي -حركات الاصلام- دراسات اسلامية - الفكر الاسلامي النعاصر - التجديد - تراجم واعلام
Entry Topical Term
001 - CONTROL NUMBER
- control field: 52262
003 - CONTROL NUMBER IDENTIFIER
- control field: JO-AjAnu
005 - DATE AND TIME OF LATEST TRANSACTION
- control field: 20230606082606.0
008 - FIXED-LENGTH DATA ELEMENTS
- fixed length control field: 230606|| aca||aabn | a|a d
040 ## - CATALOGING SOURCE
- Original cataloging agency: JO-AjAnu
- Transcribing agency: JO-AjAnu
150 ## - HEADING--TOPICAL TERM
- Topical term or geographic name entry element: اسماعيل الفاروقي -حركات الاصلام- دراسات اسلامية - الفكر الاسلامي النعاصر - التجديد - تراجم واعلام
670 ## - SOURCE DATA FOUND
- Source citation: Work cat.: (JO-AjAnu)26708: تحرير ملكاوي، فتحي حسن،تحرير عكاشة، رائد جميل، تحرير أبو صعيليك، عبد الرحمن, author 52261, إسماعيل الفاروقي واسهاماته في الإصلاح الفكري الإسلامي المعاصر